Design of equilibrium stage processes (Record no. 13251)

000 -LEADER
fixed length control field 00589nam a22002171 4500
001 - CONTROL NUMBER
control field 13251
003 - CONTROL NUMBER IDENTIFIER
control field BD-DhUET
008 - FIXED-LENGTH DATA ELEMENTS--GENERAL INFORMATION
fixed length control field 740517s1963 nyua b 000 0 eng
020 ## - INTERNATIONAL STANDARD BOOK NUMBER
International Standard Book Number 070586373
040 ## - CATALOGING SOURCE
Original cataloging agency DLC
Transcribing agency OAkU
Modifying agency BD-DhUET
082 ## - DEWEY DECIMAL CLASSIFICATION NUMBER
Classification number 660.28422
Item number SMI/1963
100 1# - MAIN ENTRY--PERSONAL NAME
Personal name Smith, Buford D.
245 10 - TITLE STATEMENT
Title Design of equilibrium stage processes
250 ## - EDITION STATEMENT
Edition statement 1st ed.
260 ## - PUBLICATION, DISTRIBUTION, ETC. (IMPRINT)
Place of publication, distribution, etc. New York
Name of publisher, distributor, etc. McGraw-Hill
Date of publication, distribution, etc. 1963
300 ## - PHYSICAL DESCRIPTION
Extent 647 p.
Other physical details ill.
Dimensions 24 cm.
490 ## - SERIES STATEMENT
Series statement McGraw-Hill chemical engineering series
504 ## - BIBLIOGRAPHY, ETC. NOTE
Bibliography, etc Includes bibliographies
650 #0 - SUBJECT ADDED ENTRY--TOPICAL TERM
Topical term or geographic name as entry element Chemical equilibrium
942 ## - ADDED ENTRY ELEMENTS (KOHA)
Koha item type General Book
Holdings
Damaged status Koha date last seen Copy number Date acquired Koha normalized classification for sorting Sublocation or collection (holding branch) Location (home branch) Price effective from Piece designation (barcode) Koha item type Koha full call number Source of classification or shelving scheme Shelving location Withdrawn status Not for loan Lost status
 2015-03-0212015-03-02660_284220000000000_SMI_1963Central Library, BUETCentral Library, BUET2015-03-0234954General Book660.28422/SMI/1963 Circulation section   
 2015-03-0322015-03-03660_284220000000000_SMI_1963Central Library, BUETCentral Library, BUET2015-03-0329845General Book660.28422/SMI/1963 Circulation section   
 2015-03-0332015-03-03660_284220000000000_SMI_1963Central Library, BUETCentral Library, BUET2015-03-0329841General Book660.28422/SMI/1963 Circulation section   
 2015-03-0342015-03-03660_284220000000000_SMI_1963Central Library, BUETCentral Library, BUET2015-03-0329847General Book660.28422/SMI/1963 Circulation section   
 2015-03-0352015-03-03660_284220000000000_SMI_1963Central Library, BUETCentral Library, BUET2015-03-0329853General Book660.28422/SMI/1963 Circulation section   
 2015-03-0362015-03-03660_284220000000000_SMI_1963Central Library, BUETCentral Library, BUET2015-03-0329843General Book660.28422/SMI/1963 Circulation section   
 2015-03-0372015-03-03660_284220000000000_SMI_1963Central Library, BUETCentral Library, BUET2015-03-0329844General Book660.28422/SMI/1963 Circulation section   
 2015-03-0382015-03-03660_284220000000000_SMI_1963Central Library, BUETCentral Library, BUET2015-03-0329840General Book660.28422/SMI/1963 Circulation section   
 2015-03-0392015-03-03660_284220000000000_SMI_1963Central Library, BUETCentral Library, BUET2015-03-0334955General Book660.28422/SMI/1963 Circulation section   
 2015-05-11102015-05-11660_284220000000000_SMI_1963Central Library, BUETCentral Library, BUET2015-05-1111477General Book660.28422/SMI/1963 Circulation section   
 2015-05-11112015-05-11660_284220000000000_SMI_1963Central Library, BUETCentral Library, BUET2015-05-1129846General Book660.28422/SMI/1963 Circulation section   
 2015-05-11122015-05-11660_284220000000000_SMI_1963Central Library, BUETCentral Library, BUET2015-05-1134953General Book660.28422/SMI/1963 Circulation section   
 2015-05-11132015-05-11660_284220000000000_SMI_1963Central Library, BUETCentral Library, BUET2015-05-1118836General Book660.28422/SMI/1963 Circulation section   
 2015-05-11142015-05-11660_284220000000000_SMI_1963Central Library, BUETCentral Library, BUET2015-05-1129854General Book660.28422/SMI/1963 Circulation section   
 2015-05-11152015-05-11660_284220000000000_SMI_1963Central Library, BUETCentral Library, BUET2015-05-1129856General Book660.28422/SMI/1963 Circulation section   
 2015-05-19162015-05-19660_284220000000000_SMI_1963Central Library, BUETCentral Library, BUET2015-05-1929848General Book660.28422/SMI/1963 Circulation section   
 2015-06-18172015-06-18660_284220000000000_SMI_1963Central Library, BUETCentral Library, BUET2015-06-186449Reading Item660.28422/SMI/1963 Reading section